| 000 | 00371nam a2200157Ia 4500 | ||
|---|---|---|---|
| 005 | 20250423101324.0 | ||
| 008 | 250422s9999 xx 000 0 und d | ||
| 020 | _a0- 312- 18370- 4 | ||
| 050 | _aCB 245 .M34/ | ||
| 245 | 4 | _aThe making of the west | |
| 260 | _aBoston, New York | ||
| 260 | _bBedford/ St. Martins | ||
| 260 | _c2001 | ||
| 300 | _a1192 p | ||
| 942 | _cBK | ||
| 999 |
_c35968 _d35968 |
||